বিজ্ঞানের মহানায়ক : ভ্যাভিলভ / (Record no. 14239)

MARC details
000 -LEADER
fixed length control field 00812nam a22002057a 4500
001 - CONTROL NUMBER
control field BD-DhSAU 5964
003 - CONTROL NUMBER IDENTIFIER
control field BD-DhSAU
005 - DATE AND TIME OF LATEST TRANSACTION
control field 20180315182627.0
008 - FIXED-LENGTH DATA ELEMENTS--GENERAL INFORMATION
fixed length control field 150430b2018 bg a|||| |||| 001 0 eng d
020 ## - INTERNATIONAL STANDARD BOOK NUMBER
International Standard Book Number 9789849176183
040 ## - CATALOGING SOURCE
Original cataloging agency BD-DhSAU
082 ## - DEWEY DECIMAL CLASSIFICATION NUMBER
Edition number 22
Classification number 925.751
Item number B4699
100 ## - MAIN ENTRY--PERSONAL NAME
Personal name ভূইয়া, মো: শহীদুর রশীদ ।
245 ## - TITLE STATEMENT
Title বিজ্ঞানের মহানায়ক : ভ্যাভিলভ /
Statement of responsibility, etc. মো: শহীদুর রশীদ ভূইয়া ।
260 ## - PUBLICATION, DISTRIBUTION, ETC. (IMPRINT)
Place of publication, distribution, etc. ঢাকা :
Name of publisher, distributor, etc. মুক্তচিন্তা ,
Date of publication, distribution, etc. ২০১৮.
300 ## - PHYSICAL DESCRIPTION
Extent 108 পৃ.:
Other physical details চিএ ;
Dimensions ২২ সে. মি.
590 ## - Name of Cataloguer
Name of Cataloger কামিম
650 ## - SUBJECT ADDED ENTRY--TOPICAL TERM
Topical term or geographic name as entry element বিজ্ঞানী - বংশগতির বিদ্যা ।
942 ## - ADDED ENTRY ELEMENTS (KOHA)
Source of classification or shelving scheme Dewey Decimal Classification
Koha item type Book
Holdings
Withdrawn status Lost status Source of classification or shelving scheme Damaged status Not for loan Collection code Home library Branch Name Shelving location Date acquired Total Checkouts Full call number Barcode Date last seen Price effective from Koha item type Date checked out
    Dewey Decimal Classification   Not For Loan Reference SAU Library SAU Library Reference 15/02/2018   925.751 B4699 40575 15/03/2018 15/03/2018 Book  
    Dewey Decimal Classification       SAU Library SAU Library General Stacks 15/02/2018   925.751 B4699 40576 15/03/2018 15/03/2018 Book  
    Dewey Decimal Classification       SAU Library SAU Library General Stacks 15/02/2018   925.751 B4699 40577 15/03/2018 15/03/2018 Book  
    Dewey Decimal Classification       SAU Library SAU Library General Stacks 15/02/2018   925.751 B4699 40578 15/03/2018 15/03/2018 Book  
    Dewey Decimal Classification       SAU Library SAU Library General Stacks 15/02/2018   925.751 B4699 40579 15/03/2018 15/03/2018 Book  
    Dewey Decimal Classification       SAU Library SAU Library General Stacks 15/02/2018   925.751 B4699 40580 15/03/2018 15/03/2018 Book  
    Dewey Decimal Classification       SAU Library SAU Library General Stacks 15/02/2018   925.751 B4699 40581 15/03/2018 15/03/2018 Book  
    Dewey Decimal Classification       SAU Library SAU Library General Stacks 15/02/2018   925.751 B4699 40582 15/03/2018 15/03/2018 Book  
    Dewey Decimal Classification       SAU Library SAU Library General Stacks 15/02/2018   925.751 B4699 40583 15/03/2018 15/03/2018 Book  
    Dewey Decimal Classification       SAU Library SAU Library General Stacks 15/02/2018 3 925.751 B4699 40584 12/12/2023 15/03/2018 Book 21/11/2023
    Dewey Decimal Classification       SAU Library SAU Library General Stacks 15/02/2018   925.751 B4699 40585 15/03/2018 15/03/2018 Book  
    Dewey Decimal Classification       SAU Library SAU Library General Stacks 15/02/2018 2 925.751 B4699 40586 26/08/2025 15/03/2018 Book 07/07/2025
    Dewey Decimal Classification       SAU Library SAU Library General Stacks 15/02/2018 1 925.751 B4699 40587 01/01/2010 15/03/2018 Book 10/03/2020
    Dewey Decimal Classification       SAU Library SAU Library General Stacks 15/02/2018   925.751 B4699 40588 15/03/2018 15/03/2018 Book  
    Dewey Decimal Classification       SAU Library SAU Library General Stacks 15/02/2018   925.751 B4699 40589 15/03/2018 15/03/2018 Book  
    Dewey Decimal Classification       SAU Library SAU Library General Stacks 15/02/2018   925.751 B4699 40590 15/03/2018 15/03/2018 Book  
    Dewey Decimal Classification       SAU Library SAU Library General Stacks 15/02/2018   925.751 B4699 40591 15/03/2018 15/03/2018 Book  
    Dewey Decimal Classification       SAU Library SAU Library General Stacks 15/02/2018   925.751 B4699 40592 15/03/2018 15/03/2018 Book  
    Dewey Decimal Classification       SAU Library SAU Library General Stacks 15/02/2018   925.751 B4699 40593 15/03/2018 15/03/2018 Book  
    Dewey Decimal Classification       SAU Library SAU Library General Stacks 15/02/2018   925.751 B4699 40594 15/03/2018 15/03/2018 Book